Medicine, health, and bioethics : (Record no. 17575)
[ view plain ]
| 000 -LEADER | |
|---|---|
| fixed length control field | 01280cam a22003374a 4500 |
| 001 - CONTROL NUMBER | |
| control field | 14192262 |
| 003 - CONTROL NUMBER IDENTIFIER | |
| control field | OSt |
| 005 - DATE AND TIME OF LATEST TRANSACTION | |
| control field | 20200509151629.0 |
| 008 - FIXED-LENGTH DATA ELEMENTS--GENERAL INFORMATION | |
| fixed length control field | 051207s2006 miua b 001 0 eng |
| 010 ## - LIBRARY OF CONGRESS CONTROL NUMBER | |
| LC control number | 2005035526 |
| 020 ## - INTERNATIONAL STANDARD BOOK NUMBER | |
| International Standard Book Number | 1414406231 |
| 040 ## - CATALOGING SOURCE | |
| Original cataloging agency | DLC |
| Transcribing agency | DLC |
| Modifying agency | DLC |
| 042 ## - AUTHENTICATION CODE | |
| Authentication code | pcc |
| 050 00 - LIBRARY OF CONGRESS CALL NUMBER | |
| Classification number | R724 |
| Item number | .M313 2006 |
| 082 00 - DEWEY DECIMAL CLASSIFICATION NUMBER | |
| Classification number | 174.2 |
| Edition number | 22 |
| 245 00 - TITLE STATEMENT | |
| Title | Medicine, health, and bioethics : |
| Remainder of title | essential primary sources / |
| Statement of responsibility, etc. | K. Lee Lerner and Brenda Wilmoth Lerner, editors. |
| 260 ## - PUBLICATION, DISTRIBUTION, ETC. | |
| Place of publication, distribution, etc. | Detroit : |
| Name of publisher, distributor, etc. | Thomson/Gale, |
| Date of publication, distribution, etc. | c2006. |
| 300 ## - PHYSICAL DESCRIPTION | |
| Extent | lvii, 513 p. : |
| Other physical details | ill. ; |
| Dimensions | 29 cm. |
| 440 #0 - SERIES STATEMENT/ADDED ENTRY--TITLE | |
| Title | Social issues primary sources collection |
| 9 (RLIN) | 3275 |
| 504 ## - BIBLIOGRAPHY, ETC. NOTE | |
| Bibliography, etc. note | Includes bibliographical references (p. 493-500) and index. |
| 546 ## - LANGUAGE NOTE | |
| Хэл | english |
| 650 #0 - SUBJECT ADDED ENTRY--TOPICAL TERM | |
| Topical term or geographic name entry element | Medical ethics |
| General subdivision | History |
| Form subdivision | Sources. |
| 9 (RLIN) | 39059 |
| Topical term or geographic name entry element | Bioethics |
| General subdivision | History |
| Form subdivision | Sources. |
| 9 (RLIN) | 2568 |
| Topical term or geographic name entry element | Medicine |
| General subdivision | History |
| Form subdivision | Sources. |
| 9 (RLIN) | 39060 |
| 700 1# - ADDED ENTRY--PERSONAL NAME | |
| Personal name | Lerner, K. Lee. |
| 9 (RLIN) | 39061 |
| Personal name | Lerner, Brenda Wilmoth. |
| 9 (RLIN) | 39062 |
| 856 41 - Цахимаар унших | |
| Цахимаар унших | <a href="https://online.fliphtml5.com/lluzx/vaon/">https://online.fliphtml5.com/lluzx/vaon/</a> |
| Public note | цахимаар унших |
| 906 ## - LOCAL DATA ELEMENT F, LDF (RLIN) | |
| a | 7 |
| b | cbc |
| c | orignew |
| d | 1 |
| e | ecip |
| f | 20 |
| g | y-gencatlg |
| 942 ## - ADDED ENTRY ELEMENTS (KOHA) | |
| Source of classification or shelving scheme | Dewey Decimal Classification |
| Koha item type | Цахим ном |
| Date last seen | Total Checkouts | Full call number | Price effective from | Koha item type | Lost status | Source of classification or shelving scheme | Damaged status | Not for loan | Withdrawn status | Home library | Current library | Shelving location | Date acquired |
|---|---|---|---|---|---|---|---|---|---|---|---|---|---|
| 05/09/2020 | 174.2 | 05/09/2020 | Цахим ном | Dewey Decimal Classification | Эрдэм шинжилгээний номын сан | Эрдэм шинжилгээний номын сан | Цахим уншлагын танхим | 05/09/2020 |